Historia de la pedagogía

Na minha lista:
Detalhes bibliográficos
Autor principal: Monroe, Paúl
Formato: Livro
Idioma:Undetermined
Publicado em: Madrid, España Ediciones de la Lectura [s.f.]
Assuntos:
Tags: Adicionar Tag
Sem tags, seja o primeiro a adicionar uma tag!

MARC

LEADER 00000nam a2200000Ia 4500
008 170316s9999 xx 000 0 und d
090 |a 100 M-55h v.4 
100 |a Monroe, Paúl 
245 |a Historia de la pedagogía 
260 |a Madrid, España 
260 |b Ediciones de la Lectura 
260 |c [s.f.] 
300 |a 257 páginas Tomo IV 
650 |a FILOSOFÍA 
999 |c 17044  |d 17044 
040 |a cru BVZT 
942 |c 15 D  |h 100 M-55h v.4  |2 z